00940nab a22002057a 4500003000400000005001700004008004100021040000700062100002300069245013700092260007200229300001300301500003900314505009900353505008900452650002000541650002400561650001200585773013700597OSt20260114134237.0190605e xxu||||| |||| 00| 0 spa d cPJ aBarciela, Gonzalo 13aLa empresa, el empresario y el establecimiento :binstituciones medulares del Régimen de Contrato de Trabajo /cGonzalo Barciela.  aCiudad Autónoma de Buenos Aires :bThomson Reuters La Ley,c2024. ap. 11-14 aCita: TR LALEY AR/DOC/2618/2024.  aSumario: I. Introducción.— II. Ficción e institución.— III. A modo de conclusión.  t¿Te interesa el texto completo? Solicitalo al correo: koha@justierradelfuego.gov.ar 0aDERECHO LABORAL 0aCONTRATO DE TRABAJO 0aEMPRESA0 02711dCiudad Autónoma de Buenos Aires : Thomson Reuters La Ley, 1999-2002.tRevista de derecho del trabajo. Nº 6 - Noviembre 2024